000 01675nmc a2200577 a 4500
003 AR-BaBNM
005 20251128204535.0
008 135019s1994 ||||||||||||||000 | spa||
020 _a950-9446-05-X
040 _cAR-BaBNM
100 1 _aAgulla, Juan Carlos
245 1 0 _aCuadernos Weberianos l
260 _aBuenos Aires
_bEstudio Sigma
_c1994
300 0 _a90 p.
490 0 _aEstudios de la Academia Nacional de Ciencias de Buenos Aires
_vv. l
504 _aBibliografía o notas o referencias al término de cada trabajo
600 1 4 _aBloch, Marc
600 1 4 _aAgulla, Juan Carlos
600 1 4 _aRespuela, Sofía
600 1 4 _aPinto, Julio
600 1 4 _aBarbosa, Susana Raquel
600 1 4 _aBalsano, Iris
600 1 4 _aVasilachis de Gialdino, IRené
600 1 4 _aKunz, Ana E.
600 1 4 _aCastex, Mariano N.
600 1 4 _aWeber, Max
_d1864-1920
650 4 _aSOCIOLOGIA ECONOMICA
650 4 _aDOCTRINAS ECONOMICAS
650 4 _aTEORIA ECONOMICA
650 4 _aHISTORIA ECONOMICA
650 4 _aHISTORIA SOCIAL
650 4 _aFILOSOFOS
650 4 _aHISTORIA EUROPEA
650 4 _aSIGLO DIECINUEVE
650 4 _aSIGLO VEINTE
650 4 _aBIOETICA
650 4 _aSOCIOLOGIA POLITICA
650 4 _aFILOSOFIA POLITICA
650 4 _aHISTORIA CULTURAL
650 4 _aNACIONALISMO
650 4 _aIDEOLOGIAS
650 4 _aBURGUESIA
650 4 _aESTRUCTURA SOCIAL
650 4 _aPSICOLOGIA SOCIAL
650 4 _aFILOSOFIA DE LA HISTORIA
650 4 _aANALISIS HISTORICO
650 4 _aSOCIOLOGOS
810 2 _aInstituto de Derecho Público, Ciencia Política y Sociología [Argentina]
942 _cBK
998 _cEthel
999 _c7836
_d7836